Online
Catalog

Atlas de ecocardiografía / (Record no. 35851)

MARC details
000 -CABECERA
campo de control de longitud fija 00436nam a2200145 a 4500
001 - NÚMERO DE CONTROL
campo de control 000036360
005 - FECHA Y HORA DE LA ÚLTIMA TRANSACCIÓN
campo de control 20200930075704.0
008 - DATOS DE LONGITUD FIJA--INFORMACIÓN GENERAL
campo de control de longitud fija 120113s1989 cu a 000 0 spa d
040 ## - FUENTE DE LA CATALOGACIÓN
Centro catalogador/agencia de origen DO-SdBNP
Lengua de catalogación spa
Centro/agencia transcriptor BNPHU
082 ## - NÚMERO DE LA CLASIFICACIÓN DECIMAL DEWEY
Número de clasificación xxx
Número de documento/Ítem C268a
100 1# - ENTRADA PRINCIPAL--NOMBRE DE PERSONA
Nombre de persona Cardone Soler, Ariel
9 (RLIN) 62547
245 10 - MENCIÓN DE TÍTULO
Título Atlas de ecocardiografía /
Mención de responsabilidad, etc. Ariel Cardone Soler.
260 ## - PUBLICACIÓN, DISTRIBUCIÓN, ETC.
Lugar de publicación, distribución, etc. La Habana, Cuba :
Nombre del editor, distribuidor, etc. Cientifico-Técnico,
Fecha de publicación, distribución, etc. 1989.
300 ## - DESCRIPCIÓN FÍSICA
Extensión 170 p. :
Otras características físicas il. ;
Dimensiones 25 cm.
Holdings
Estado de retiro Estado de pérdida Restricciones de uso No para préstamo Código de colección Localización permanente Ubicación/localización actual Ubicación en estantería Fecha de adquisición Número de inventario Total de préstamos Signatura topográfica completa Código de barras Fecha visto por última vez Precio válido a partir de Tipo de ítem Koha Número de copia
      Excluido de préstamo Monografías: Libros y Folletos General General En catalogación 13.01.2012 LF1   xxx C268a 36361-10 25.06.2020 25.06.2020 No se presta  
      Excluido de préstamo Monografías: Libros y Folletos General General En catalogación 13.01.2012 LF1   xxx C268a 36361-20 25.06.2020 25.06.2020 No se presta e.2

Powered by Koha